Đuống của người Mường ở Kim Thượng huyện Tân Sơn tỉnh Phú Thọ
Gồm có 3 chương: Khái quát về người Mường ở xã Kim Thượng, huyện Tân Sơn, tỉnh Phú Thọ; "Đuống và chàm đuống ở Kim Thượng; "Những vấn đề đặt ra từ hiện tượng đuống ở Kim Thượng....
Gespeichert in:
| 1. Verfasser: | |
|---|---|
| Format: | Buch |
| Sprache: | Undetermined |
| Veröffentlicht: |
Hà Nội
Khoa học - Xã hội
2015
|
| Schlagworte: | |
| Tags: |
Tag hinzufügen
Keine Tags, Fügen Sie den ersten Tag hinzu!
|
| Thư viện lưu trữ: | Trung tâm Học liệu Trường Đại học Cần Thơ |
|---|
| LEADER | 00970nam a2200205Ia 4500 | ||
|---|---|---|---|
| 001 | CTU_209588 | ||
| 008 | 210402s9999 xx 000 0 und d | ||
| 082 | |a 398.0959721 | ||
| 082 | |b S464 | ||
| 100 | |a Kiều, Trung Sơn | ||
| 245 | 0 | |a Đuống của người Mường ở Kim Thượng huyện Tân Sơn tỉnh Phú Thọ | |
| 245 | 0 | |c Kiều Trung Sơn | |
| 260 | |a Hà Nội | ||
| 260 | |b Khoa học - Xã hội | ||
| 260 | |c 2015 | ||
| 520 | |a Gồm có 3 chương: Khái quát về người Mường ở xã Kim Thượng, huyện Tân Sơn, tỉnh Phú Thọ; "Đuống và chàm đuống ở Kim Thượng; "Những vấn đề đặt ra từ hiện tượng đuống ở Kim Thượng. | ||
| 650 | |a Văn hóa dân gian,Folklore | ||
| 650 | |z Việt Nam,Vietnam | ||
| 904 | |i Trần Thu Thảo,Hải | ||
| 980 | |a Trung tâm Học liệu Trường Đại học Cần Thơ | ||